000 00531nam a22001937a 4500
003 KOHA_MİRAKIL
005 20251119122715.0
008 251119b tu ||||| |||| 00| 0 tur d
020 _a9786059908283
040 _aTR-AnABB
_btur
_cTR-AnABB
041 _atur
082 _a823.914
_bMIL 2015
100 1 _aMiller, Andrew,
245 1 0 _aSaf /
_cMiller, Andrew,
260 _aİstanbul :
_bKırmızı Kedi Yayınları,
_c2015
300 _a360 sayfa ;
_c19 cm
650 0 4 _aİngiliz edebiyatı, roman
942 _2ddc
_cBK
999 _c9533
_d9533
900 _bGizem YORULMAZ